Statistics for Top 100 Most Visited Roblox Games (1/1/21)

Click here to take the quiz!

General Stats

  • This quiz has been taken 18 times
  • The average score is 10 of 100

Answer Stats

VisitsAnswer% Correct
14.2B+Adopt Me!
85%
7.5B+MeepCity
62%
615M+Brookhaven RP
46%
4.2B+Jailbreak
46%
864M+Pet Simulator
46%
303M+Superhero Tycoon
46%
1.3B+Super Hero Tycoon
46%
615M+Blox Fruits
38%
3.4B+Murder Mystery 2
38%
6.2B+Piggy
31%
6.4B+Tower of Hell
31%
3.1B+Welcome to Bloxburg
31%
2.7B+Work at a Pizza Place
31%
1.6B+Arsenal
23%
1B+Bee Swarm Simulator
23%
980M+Build a Boat for Treasure
23%
434M+Clone Tycoon 2
23%
1.1B+Epic Minigames
23%
1.2B+Hide and Seek Extreme
23%
1.4B+Mad City
23%
4.5B+Royale High
23%
498M+Break In
15%
2B+Flee the Facility
15%
450M+Flood Escape Classic
15%
1.2B+Natural Disaster Survival
15%
948M+Phantom Forces
15%
498M+BIG Paintball
8%
484M+BOOGA BOOGA
8%
529M+Breaking Point
8%
905M+Bubble Gum Simulator
8%
392M+Car Crushers 2
8%
674M+Doomspire Brickbattle
8%
387M+Flood Escape 2
8%
651M+Granny
8%
323M+KAT
8%
548M+Kitty
8%
585M+Legends of Speed
8%
604M+Loomian Legacy
8%
662M+Mining Simulator
8%
1B+Ninja Legends
8%
1.6B+Prison Life
8%
351M+Restaurant Tycoon
8%
701M+SharkBite
8%
850M+Speed Run 4
8%
320M+Survive The Killer!
8%
778M+The Floor is Lava!
8%
493M+Theme Park Tycoon 2
8%
409M+The Normal Elevator
8%
572M+Tower Defense Simulator
8%
379M+Treasure Hunt Simulator
8%
579M+Zombie Rush
8%
389M+Adopt and Raise
0%
456M+Anime Fighting Simulator
0%
646M+Assassin
0%
501M+Bakon
0%
356M+Be A Parkour Ninja
0%
431M+Be Crushed by a Speeding Wall
0%
293M+Blox Hunt
0%
319M+Broken Bones IV
0%
336M+[Content Deleted]
0%
650M+Counter Blox
0%
345M+DBZ Final Stand
0%
301M+Destruction Simulator
0%
506M+Dragon Ball Rage
0%
702M+Dum Ragdoll Game
0%
1.1B+Dungeon Quest
0%
492M+Escape the Castle Fortress Obby
0%
297M+Escape the Dungeon Obby!
0%
574M+Family Paradise
0%
327M+Flicker
0%
364M+Grandma's House Horror Obby!
0%
302M+Homestead
0%
323M+Hotel Elephant
0%
352M+Island Royale
0%
561M+Islands
0%
648M+Lucky Blocks Battleground
0%
679M+Lumber Tycoon 2
0%
326M+Mega Easy Obby
0%
1B+Mega Fun Obby
0%
697M+Parkour
0%
463M+Pizza Factory Tycoon
0%
575M+Roblox High School
0%
348M+Roblox High School 2
0%
941M+Robloxian High School
0%
414M+Robloxian Life
0%
638M+RoCitizens
0%
560M+Ro-Ghoul
0%
373M+Saber Simulator
0%
522M+Skywars
0%
366M+Strucid
0%
756M+Survive and Kill the Killers in Area 51
0%
336M+The Really Easy Obby!
0%
380M+Tower Battles
0%
536M+Treacherous Tower
0%
562M+Vehicle Simulator
0%
319M+Vehicle Tycoon
0%
461M+Waterpark
0%
997M+Weight Lifting Simulator 3
0%
368M+Wizard Tycoon (2 Player)
0%
885M+Zombie Attack
0%

Score Distribution

Percentile by Number Answered

Percent of People with Each Score

Your Score History

You have not taken this quiz